00295nam a2200121Ia 4500008004100000041000900041082001700050100002900067245002800096260003300124300000800157650000800165230718s9999 xx 000 0 und d aEng. a929.2bWOB-B aWoburn and the Russells  0aBlakiston, Georgia. ana aPakistanbCambridge myc1980 a246 aLaw